| 000 | 00567nam a2200193Ia 4500 | ||
|---|---|---|---|
| 008 | 170918s9999 xx 000 0 und d | ||
| 020 | _a9780553296983 | ||
| 050 | _bF828 1986 | ||
| 100 | _aFrank, Anne | ||
| 245 | _aAnne Frank : the diary of a young girl / | ||
| 245 | _cAnne Frank ; translated from the Dutch by B. M. Mooyaart-Doubleday ; with an introduction by Eleanor Rossevelt. | ||
| 260 | _aNew York : | ||
| 260 | _bBantam Books, | ||
| 260 | _c1986 | ||
| 300 | _a283 pages : | ||
| 300 | _bcolored illustration ; | ||
| 300 | _c17cm. | ||
| 500 | _a1080 | ||
| 999 |
_c342622 _d342622 |
||